[Event "Montreal op U2000"]
[Site "Montreal"]
[Date "2016.09.11"]
[Round "4.22"]
[White "Duplessis, Jean Roch"]
[Black "Cisse, Lamine"]
[Result "1-0"]
[WhiteElo "1669"]
[BlackElo "1800"]
[PlyCount "141"]
[EventDate "2016.09.09"]
[EventType "swiss"]
[EventRounds "5"]
[EventCountry "CAN"]
[SourceTitle "EXT 2022"]
[Source "ChessBase"]
[SourceDate "2021.10.06"]
[SourceVersion "1"]
[SourceVersionDate "2021.10.06"]
[SourceQuality "1"]

1. e4 e6 2. d4 d5 3. Nc3 Bb4 4. Nge2 dxe4 5. a3 Bxc3+ 6. Nxc3 c5 7. Bb5+ Bd7 8. Bxd7+ Nxd7 9. Nxe4 Qc7 10. dxc5 Nxc5 11. Nxc5 Qxc5 12. Be3 Qc6 13. Qg4 g6 14. Qd4 f6 15. 0-0-0 e5 16. Qd6 Ne7 17. Bc5 Nf5 18. Qxc6+ bxc6 19. Rd3 Ng7 20. Rd6 0-0 21. Rxc6 Rf7 22. Rd1 Nf5 23. a4 h5 24. a5 a6 25. Rd3 Kg7 26. Rb3 Nd4 27. Bxd4 exd4 28. Rbb6 Rff8 29. Kd2 Rab8 30. Rd6 Rxb6 31. Rxb6 Ra8 32. Kd3 Kf7 33. b4 Ke7 34. h4 g5 35. hxg5 fxg5 36. Rg6 g4 37. g3 Rb8 38. c3 dxc3 39. Kxc3 Rc8+ 40. Kd4 Rb8 41. Rb6 Rd8+ 42. Ke3 Ra8 43. b5 axb5 44. Rxb5 Rh8 45. a6 Kd6 46. a7 Ra8 47. Ra5 Kc6 48. Kf4 Kb6 49. Ra2 Kb7 50. Kg5 Rg8+ 51. Kxh5 Ka8 52. Ra4 Rf8 53. Rf4 Rh8+ 54. Kxg4 Kxa7 55. Rb4 Rg8+ 56. Kh5 Rh8+ 57. Kg6 Rg8+ 58. Kh7 Rg5 59. g4 Ka6 60. f3 Ka5 61. Rb8 Rc5 62. Kh6 Rc4 63. g5 Ka4 64. Rf8 Rh4+ 65. Kg6 Kb4 66. Kf5 Rh3 67. f4 Kc5 68. g6 Kd6 69. g7 Rg3 70. Rf6+ Ke7 71. Rg6 1-0

[Event "Quebec op U2000"]
[Site "Montreal"]
[Date "2016.07.29"]
[Round "8.39"]
[White "Cisse, Lamine"]
[Black "Guipi Bopala, Prince Eric Jr"]
[Result "0-1"]
[WhiteElo "1898"]
[BlackElo "1816"]
[PlyCount "78"]
[EventDate "2016.07.23"]
[EventType "swiss"]
[EventRounds "8"]
[EventCountry "CAN"]
[SourceTitle "EXT 2022"]
[Source "ChessBase"]
[SourceDate "2021.10.06"]
[SourceVersion "1"]
[SourceVersionDate "2021.10.06"]
[SourceQuality "1"]

1. e4 e5 2. Nf3 Nc6 3. Bb5 a6 4. Ba4 Nf6 5. 0-0 b5 6. Bb3 Be7 7. Re1 0-0 8. c3 d5 9. exd5 Nxd5 10. Nxe5 Nxe5 11. Rxe5 c6 12. d4 Bd6 13. Rh5 Re8 14. Bg5 f6 15. Be3 Be6 16. Nd2 g6 17. Rh4 f5 18. Nf3 Be7 19. Rh6 Nxe3 20. fxe3 Kg7 21. Rh3 Bc8 22. Ne5 Bf6 23. Nxc6 Qc7 24. Nb4 f4 25. Nd5 Qd8 26. Nxf6 Qxf6 27. Rf3 Bg4 28. exf4 Bxf3 29. Qxf3 Re7 30. Qxa8 Qxf4 31. Rf1 Qe3+ 32. Kh1 Re8 33. Qxa6 Qe1 34. Qf6+ Kh6 35. h4 Qg3 36. Qf4+ Qxf4 37. Rxf4 Re2 38. g4 Rxb2 39. g5+ Kg7 0-1

[Event "Quebec op U2000"]
[Site "Montreal"]
[Date "2016.07.27"]
[Round "6.39"]
[White "Cisse, Lamine"]
[Black "Moore, Ronald"]
[Result "0-1"]
[WhiteElo "1898"]
[BlackElo "1684"]
[PlyCount "64"]
[EventDate "2016.07.23"]
[EventType "swiss"]
[EventRounds "8"]
[EventCountry "CAN"]
[SourceTitle "EXT 2022"]
[Source "ChessBase"]
[SourceDate "2021.10.06"]
[SourceVersion "1"]
[SourceVersionDate "2021.10.06"]
[SourceQuality "1"]

1. e4 c5 2. Nf3 Nc6 3. c3 g6 4. d4 cxd4 5. cxd4 Bg7 6. Bc4 d6 7. 0-0 e6 8. Nc3 Nge7 9. Bg5 h6 10. Be3 g5 11. Rc1 Ng6 12. a3 g4 13. Ne1 h5 14. f4 a6 15. f5 exf5 16. exf5 Nh4 17. Nd5 Nxf5 18. Nc2 0-0 19. Bf2 h4 20. Qd3 Qg5 21. g3 b5 22. Ba2 Bb7 23. Bb1 hxg3 24. hxg3 Qh5 25. Nf4 Qh7 26. Ng2 Nce7 27. Nce3 Qh3 28. Rc7 Bf3 29. Re1 d5 30. Qf1 Nxe3 31. Bxe3 Ng6 32. Qf2 Rae8 0-1

[Event "Quebec op U2000"]
[Site "Montreal"]
[Date "2016.07.26"]
[Round "5.19"]
[White "Brunet, Guy"]
[Black "Cisse, Lamine"]
[Result "0-1"]
[WhiteElo "1625"]
[BlackElo "1898"]
[PlyCount "150"]
[EventDate "2016.07.23"]
[EventType "swiss"]
[EventRounds "8"]
[EventCountry "CAN"]
[SourceTitle "EXT 2022"]
[Source "ChessBase"]
[SourceDate "2021.10.06"]
[SourceVersion "1"]
[SourceVersionDate "2021.10.06"]
[SourceQuality "1"]

1. d4 d5 2. Nf3 e6 3. Bf4 Be7 4. e3 f5 5. Nbd2 Nf6 6. c4 c6 7. Be2 0-0 8. 0-0 Ne4 9. Rc1 Nd7 10. a3 g5 11. Be5 g4 12. Ne1 Nxe5 13. dxe5 Qc7 14. f4 Qb6 15. Nxe4 dxe4 16. Qd2 Bd8 17. Qc3 c5 18. Nc2 a5 19. Rfd1 Bd7 20. Rd2 Bc6 21. Rcd1 Rb8 22. Kf2 Bh4+ 23. Kg1 Be7 24. Kf2 Rf7 25. Kg1 a4 26. Kf2 Qc7 27. Kg1 Bf8 28. Kf2 Rg7 29. g3 h5 30. Kg2 h4 31. Rh1 Rh7 32. Rdd1 Qf7 33. Qe1 Be7 34. Na1 Kg7 35. Qc3 Rbh8 36. Qc1 Bd8 37. Nc2 Ba5 38. Na1 Bc7 39. Nc2 hxg3 40. hxg3 Rh3 41. Rxh3 gxh3+ 42. Kh2 Qg6 43. Rg1 Qh6 44. g4 Ba5 45. gxf5+ Kf8 46. f6 Qh4 47. Rg3 Be8 48. Qe1 Bc7 49. Qf1 Ba5 50. Qd1 Bc7 51. Qe1 Bf7 52. Qg1 Qh6 53. Bf1 Rg8 54. Rxg8+ Bxg8 55. Qg5 Qxg5 56. fxg5 Kf7 57. Kxh3 Bh7 58. Kh4 Bxe5 59. Bh3 Bf5 60. Bg4 Bxg4 61. Kxg4 Kg6 62. Ne1 Bxb2 63. Nc2 e5 64. f7 Kxf7 65. Kf5 Bc3 66. Kxe4 Kg6 67. Kd5 Kxg5 68. Kxc5 Kf5 69. Kb6 Ke4 70. Kxb7 Kd3 71. c5 Kxc2 72. c6 Ba5 73. Ka6 Bd8 74. Kb7 Kb3 75. Kc8 Ba5 0-1